000 00739cas a22002295a 4500
001 ##L99064
008 070608c1983 xxkmr p 0 a0eng
022 0 _a0960-6556
035 _a(Sirsi) u99064
041 0 _aeng
245 0 0 _aArt Newspaper
260 3 _aTurin
_aLondon
_bUmberto Allemandi
_c1983-
362 1 _aCancelled March 2009
520 _aKept for one year
520 _aWebsite includes selected articles from the current issue and free registration to a weekly email newsletter.
554 _aTen per year
651 4 _aInternational
690 _aArts and antiques
_96217
856 4 1 _uhttps://www.theartnewspaper.com
_zView further information at www.theartnewspaper.com...
942 _n0
948 _c06/03/1997
999 _c118637
_d118637